000 00865nmc a2200313 a 4500
003 AR-BaBNM
005 20251128211738.0
008 106020s2005 ||||||||||||||000 | spa||
020 _a84-8063-713-7
040 _cAR-BaBNM
100 1 _aGarcía Calero, Pilar
245 1 0 _aInnovación y creatividad en la enseñanza musical
250 _a1ª ed.
260 _aBarcelona
_bOctaedro
_c2005
300 0 _a236 p.
490 0 _aRecursos
_vno. 63
504 _aContiene referencias bibliográficas
650 4 _aENSENANZA DE LA MUSICA
650 4 _aEDUCACION MUSICAL
650 4 _aDIDACTICA
650 4 _aCREATIVIDAD
650 4 _aPROCESO DE APRENDIZAJE
650 4 _aMETODOS DE ENSENANZA
650 4 _aINSTRUMENTOS MUSICALES
653 0 _aESTRATEGIAS DIDACTICAS
700 1 _aEstebaranz García, Araceli
942 _cBK
998 _cme-solo cat
999 _c20932
_d20932